书目信息 |
| 题名: |
生物技术与基因战争
|
|
| 作者: | 宋效军 主编 | |
| 分册: | ||
| 出版信息: | 北京 海潮出版社 2003 |
|
| 页数: | 215页 | |
| 开本: | 20cm | |
| 丛书名: | 新世纪·新武器·新战争丛书 | |
| 单 册: | ||
| 中图分类: | E931-49 , Q81 | |
| 科图分类: | ||
| 主题词: | 生物技术--通俗读物 , 基因--生物武器--通俗读物 | |
| 电子资源: | ||
| ISBN: | 7-80151-718-0 | |
| 000 | 00894nam 2200265 45 | |
| 001 | 0101315648 | |
| 005 | 20090914152227.26 | |
| 010 | @a7-80151-718-0@dCNY15.80 | |
| 100 | @a20031124d2003 kmey0chiy0121 ea | |
| 101 | 0 | @achi |
| 102 | @aCN@b110000 | |
| 105 | @aa z 000yy | |
| 200 | 1 | @a生物技术与基因战争@ASheng Wu Ji Shu Yu Ji Yin Zhan Zheng@f宋效军主编@FSong Xiao Jun Zhu Bian |
| 210 | @a北京@c海潮出版社@d2003 | |
| 215 | @a215页@c照片@d20cm | |
| 225 | 2 | @a新世纪·新武器·新战争丛书 |
| 330 | @a本书阐述了生物遗传知识,“克隆”技术,基因工程,生物技术对社会发展的影响,基因技术的应用,以及危害极大的“基因战争”等。 | |
| 410 | 0 | @12001 @a新世纪·新武器·新战争丛书 |
| 606 | 0 | @a生物技术@x通俗读物 |
| 606 | 0 | @a基因@x生物武器@x通俗读物 |
| 690 | @aE931-49@v4 | |
| 690 | @aQ81@v4 | |
| 701 | 0 | @a宋效军@ASong Xiao Jun@4主编 |
| 801 | @aCN@bAHTY@c20090914 | |
| 905 | @aBZT@dQ81@e9 | |
| 生物技术与基因战争/宋效军主编.-北京:海潮出版社,2003 |
| 215页:照片;20cm.-(新世纪·新武器·新战争丛书) |
| ISBN 7-80151-718-0:CNY15.80 |
| 本书阐述了生物遗传知识,“克隆”技术,基因工程,生物技术对社会发展的影响,基因技术的应用,以及危害极大的“基因战争”等。 |
| ● |
| 相关链接 |
|
|
|
正题名:生物技术与基因战争
索取号:Q81/9
 
预约/预借
| 序号 | 登录号 | 条形码 | 馆藏地/架位号 | 状态 | 备注 |
| 1 | 383870 | 210147928 | 中心书库中库/ 中库042架B面2列6层40/ [索取号:Q81/9] | 在馆 | |
| 2 | 383871 | 210147937 | 中心书库中库/ 中库042架B面2列6层26/ [索取号:Q81/9] | 在馆 | |
| 3 | 383872 | 210147946 | 中心书库中库/ 中库042架B面2列6层35/ [索取号:Q81/9] | 在馆 | |
| 4 | 383873 | 210147955 | 中心书库中库/ 中库042架B面2列6层30/ [索取号:Q81/9] | 在馆 | |
| 5 | 383874 | 210147964 | 中心书库中库/ 中库042架B面2列6层23/ [索取号:Q81/9] | 在馆 | |
| 6 | 383875 | 210147973 | 中心书库中库/ 中库042架B面2列6层32/ [索取号:Q81/9] | 在馆 | |
| 7 | 383876 | 210147982 | 中心书库中库/ 中库042架B面2列6层21/ [索取号:Q81/9] | 在馆 | |
| 8 | 383877 | 210147991 | 中心书库中库/ 中库042架B面2列6层29/ [索取号:Q81/9] | 在馆 | |
| 9 | 383878 | 210148008 | 中心书库中库/ 中库042架B面2列6层37/ [索取号:Q81/9] | 在馆 | |
| 10 | 383879 | 210148026 | 中心书库中库/ 中库042架B面2列6层36/ [索取号:Q81/9] | 在馆 |